Harry Potter commençant par H - Statistiques

Statistiques générales
  • Ce quiz a été pris 1 676 fois
  • Le résultat moyen est 4 sur 10
Statistiques - réponses
Hint Réponse % Correct
Ils apportent le courrier Hiboux
87%
Fragments d'âme caché dans un objet magique Horcruxe
83%
Créature mi-aigle, mi-cheval Hippogriffe
60%
Hibou de Percy Hermès
56%
Magasin de bonbons à Pré-au-Lard Honeydukes
51%
Créature à tête de femme et corps d'oiseau Harpie
44%
Elfe de maison de Hepzibah Smith Hokey
24%
Equipe de Quidditch célèbre Harpies de Holyhead
10%
Elle travaille au service des usages abusifs de la magie Hopkrik Mafalda
9%
Pratique de divination Heptomologie
0%
Aucun quiz correspondant
Distribution des résultats
% des personnes avec chaque résultat
Percentile par nombre de réponses
Votre historique - résultats
Vous n’avez pas pris ce quiz